Top Goalscorers For Napoli Since 2000 - Statistics

General Stats
  • This quiz has been taken 89 times
  • The average score is 14 of 22
Answer Stats
# Goals Years Nat. Answer % Correct
1 148 2013-2022 🇧🇪 Dries Mertens
99%
3 121 2007-2019 🇸🇰 Marek Hamsik
96%
4 104 2010-2013 🇺🇾 Edinson Cavani
94%
2 122 2008-'10, 2012-'22 🇮🇹 Lorenzo Insigne
94%
7 76 2020-2024 🇳🇬 Victor Osimhen
94%
5 91 2013-2016 🇦🇷 Gonzalo Higuaín
91%
9 48 2016-2020 🇵🇱 Arkadiusz Milik
86%
8 51 2016-2024 🇵🇱 Piotr Zieliński
86%
6 82 2013-2020 🇪🇸 José Callejón
80%
15 30 2019-2024 🇲🇽 Hirving Lozano
77%
20 22 2011-2014 🇲🇰 Goran Pandev
75%
13 30 2022-2024 🇬🇪 Khvicha Kvaratskhelia
75%
10 48 2007-2012 🇦🇷 Ezequiel Lavezzi
62%
21 22 2018-2022 🇪🇸 Fabián Ruiz
62%
12 34 2019- 🇮🇹 Matteo Politano
62%
19 23 2008-2018 🇮🇹 Christian Maggio
33%
18 25 2014-2017 🇮🇹 Manolo Gabbiadini
24%
22 21 2004-'07, 2008-'10 🇧🇷 Piá
22%
11 44 2004-'08, 2012-'13 🇮🇹 Emanuele Calaiò
19%
14 30 2004-2008 🇦🇷 Roberto Sosa
16%
17 27 2002-2004 🇮🇹 Davide Dionigi
4%
16 29 2000-2003 🇮🇹 Roberto Stellone
4%
No matching quizzes found
Score Distribution
Percent of People with Each Score
Percentile by Number Answered
Your Score History
You have not taken this quiz